000 00624cab a2200241 4500
001 X722
008 090401t xxu||||| |||| 00| 0 eng d
035 _a(Sirsi) u67219
041 _aeng
245 _aInterim planning guidance for opencast
350 _a0
490 _aCS Monthly : Minerals bulletin
_v2(8) May 193, 8(1)
650 _aCOAL MINING
650 _aCOAL REVIEW
650 _aINTERIM GUIDANCE
650 _aMINERAL PLANNING GUIDANCE NOTE 3
650 _aMPG3
650 _aOPENCAST COAL
690 _aMINING AND MINERALS
690 _aPLANNING LAW AND PRACTICE
942 _n0
948 _c04/03/1997
999 _c42064
_d42064